000 00437nam a2200181Ia 4500
005 20240823011123.0
008 240823s9999||||xx |||||||||||||| ||und||
041 _aENGLISH
082 _A005.1 P0
100 _a"Kit,Edward"
245 0 _aSoftware Testing in the real world
250 _a1st
260 _c2000
_b"AWP,England"
500 _aTRANSFERED
650 _aSoftware
_bSoftware Engineering
942 _cBK
999 _c160601
_d160601